Technologie et analyse chimiques des huiles, graisses et cires

Gespeichert in:
Bibliographische Detailangaben
1. Verfasser: Bontoux, Emile (VerfasserIn)
Format: Buch
Sprache:Französisch
Veröffentlicht: París Dunod 1929
Ausgabe:2a. ed
Schlagworte:
Tags: Tag hinzufügen
Keine Tags, Fügen Sie den ersten Tag hinzu!

MARC

LEADER 00000nam a2200000 a 4500
001 UCP2573
003 CL-VaPUC
008 990520e19290000FR |||||||||||||||||fre|d
082 0 4 |a 665  |b BON  |2 21 
100 0 |a Bontoux, Emile  |e author  |9 429397 
245 1 0 |a Technologie et analyse chimiques des huiles, graisses et cires 
250 |a 2a. ed 
300 |a v 
942 |c BK 
945 |d 19990520 00:00:00  |a cmena 
260 |a París  |b Dunod  |c 1929 
650 0 |a Combustibles  |9 271720 
650 0 |a Aceites combustibles  |9 373636 
650 0 |a Aceites  |9 348370 
650 7 |a GRASAS  |2 CL-VaPUC  |9 375407 
650 7 |a PETROLEO  |2 CL-VaPUC  |9 320865 
650 7 |a CERAS  |2 CL-VaPUC  |9 429399 
650 7 |a PRODUCTOS DEL PETROLEO  |2 CL-VaPUC  |9 429400 
583 |a last modification  |c 19990520 00:00:00  |k Rodrigo Vera 
999 |c 281087  |d 281085